00877nam a2200217 a 450000100100000000500170001000800410002704000250006808200170009310000310011024500870014126000770022830000200030550400600032559000260038565000470041165000310045891000380048995201150052799900170064200004384120201002045011.0140507s1988 dr 000 0 spa d aDO-SdBNPbspacBNPHU a302.3bA543m1 aAnder-Egg, Ezequiel96185210aMetodología y práctica de la animación socio-cultural /cEzequiel Ander Egg. aSanto Domingo :bCentro Dominicano de Estudios de la Educación,c1988. a87 p. ;c22 cm. aIncluye bibliografía y notas al final de capítulos. aInventariado, 2018/BT 4aAnimación culturalxMetodología971704 4aDesarrollo cultural971705 aValidado. Control de calidad. EMS 0010718PDaPDbPDcHDd2014-05-07iLF1l0o302.3 A543mp43841-10r2020-06-25w2020-06-25yLFPDZNo se presta c43330d43330